| 000 | 00349cam a22001097a 4500 | ||
|---|---|---|---|
| 008 | 180718b1961 xxu||||| |||| 00| 0 eng d | ||
| 082 | _aO92x42 Un3h | ||
| 245 |
_aHuman relations in obstetrics _cby Her Majesty's Stationery Office |
||
| 260 |
_aLondon _bHer Majesty's Stationery Office _c1961 |
||
| 300 | _a5p. | ||
| 700 | _aHer Majesty's Stationery Office | ||
| 999 |
_c412831 _d412831 |
||